Meditació barcelonina de l'últim quart de segle / discurs d'ingrés de... Ignasi Ma Serra Goday... ; discurs de contestació de... Frederic Marés Deulovol
Descripción Física:
39 p., [6] f. de làms. ; 24 cm
Otros Autores:
Marès, Frederic, 1893-1991
MARC
| LEADER | 00000nam a2200000Ia 4500 | ||
|---|---|---|---|
| 001 | 13828 | ||
| 008 | 160829s1981 xx 000 0 cat d | ||
| 080 | |a FU-19-3 | ||
| 100 | |a Serra Goday, Ignasi Ma |9 34121 | ||
| 245 | |a Meditació barcelonina de l'últim quart de segle / discurs d'ingrés de... Ignasi Ma Serra Goday... ; discurs de contestació de... Frederic Marés Deulovol | ||
| 260 | |a Barcelona : |b Reial Acadèmia Catalana de Belles Arts de Sant Jordi, |c 1981 | ||
| 300 | |a 39 p., [6] f. de làms. ; |c 24 cm | ||
| 590 | |a Discursos llegits al Saló Daurat de la Llotja de Mar el dia 11 de febrer de 1981 | ||
| 650 | |a Benavent de Barberà, Pere |9 34122 | ||
| 650 | |a Art |x Barcelona |x Història |9 34123 | ||
| 700 | 1 | |a Marès, Frederic, |d 1893-1991 |9 34124 | |
| 710 | 2 | |a Reial Acadèmia Catalana de Belles Arts de Sant Jordi |9 54759 | |
| 901 | |a Arxiu | ||
| 942 | |n 1 | ||
| 952 | |0 0 |1 0 |4 0 |6 FU193 |7 1 |9 46392 |a Arxiu |b Arxiu |d 2016-12-01 |l 0 |o FU-19-3 |p 13828 |r 2016-12-01 00:00:00 |w 2016-12-01 |y ARXIU | ||
| 999 | |c 50177 |d 50177 | ||